banner-ar

الاستشفاء الذاتى = (Record no. 67198)

MARC details
000 -الفاتح
حقل البيانات ثابتة الطول 00999nam a22002657a 4500
005 - وقت وتاريخ اخر تعامل مع التسجيلة
رقم الضبط 20240530111002.0
008 - عناصر البيانات ثابتة الطول - معلومات عامة
حقل البيانات ثابتة الطول 231127s2007 ua ak f 000 0 ara d
017 ## - رقم الايداع القانونى
رقم الايداع القانونى 2007/25146
المصدر ( الهيئة المختصة) مصر. دار الكتب
020 ## - الرقم الدولى المعيارى للكتب
الرقم الدولى المعيارى للكتاب 9789776270220
040 ## - مصدر الفهرسة
وكالة الفهرسة الأصلية EG-CaGPL
وكالة النسخ EG-CaGPL
082 40 - رقم تصنيف ديوى العشرى
رقم الطبعة 21
رقم التصنيف 615.8
رقم المادة ب أ
100 1# - المدخل الرئيسى - إسم شخصى
الإسم الشخصى بروتو، لويس
245 21 - بيان العنوان
العنوان الاستشفاء الذاتى =
بقية العنوان Self Healing /
بيان المسئوليه,etc تاليف لويس بروتو ؛ ترجمة قسم الترجمة بدار الفاروق
246 11 - العنوان الموازى
عنوان صحيح/عنوان مختصر Self Healing
250 ## - بيان الطبعة
بيان الطبعة ط 1.
260 ## - PUBLICATION, DISTRIBUTION, ETC. (IMPRINT)
تاريخ النشر أو التوزيع 2007.
300 ## - الوصف المادى
التعداد 182 ص. :
تفاصيل ماديه اخرى للوعاء ايض ؛
أبعاد الوعاء 24 سم.
650 70 - المدخل الاضافى بالموضوع-مصطلح موضوعى
مصدر الرأس أو المصطلح qrmak
مصطلح موضوعي الرعاية الصحية
650 70 - المدخل الاضافى بالموضوع-مصطلح موضوعى
مصدر الرأس أو المصطلح qrmak
مصطلح موضوعي العلاج
651 ## - المدخل الاضافى بالموضوع - اسم جغرافى
مصدر الرأس أو المصطلح qrmak
653 0# - مصطلح تكشيفى غير مقيد
مصطلح غير مقيد الاستشفاء الذاتى
710 0# - المدخل الاضافى - اسم هيئه
اسم الهيئة أو اسم السلطة كمدخل قسم الترجمة بدار الفاروق
الدور مترجم
942 ## - عناصر المدخل الإضافي( كوها)
مصدر التصنيف او مخطط الترفيف Dewey Decimal Classification
Koha [default] item type كتاب
260 ## - PUBLICATION, DISTRIBUTION, ETC. (IMPRINT)
-- القاهرة :
-- دار الفاروق للاستثمارات الثقافية،
Holdings
حالة التراجع حالة الفقد حالة تلف ليس للاعارة المكان المؤقت الموقع الحالى موقع الترفيف تاريخ الاكتساب اجمالي اﻻعارات رقم الطلب الباركود تاريخ اخر مشاهدة تاريخ تفعيل السعر نوع وعاء كوها
        مكتبة القاهرة الكبرى مكتبة القاهرة الكبرى قاعة العلوم التطبيقية_ك عربى 11/27/2023   615.8 ب أ 169251 11/27/2023 11/27/2023 كتاب

Powered By

EGPV